Bahnhöfe in Hamburg (2026) - Statistiken

Allgemein
  • Dieses Quiz wurde 17 mal gespielt
  • Das Durchschnittsergebnis liegt bei 149 aus 328
Antwortstatistiken
U1 % Korrekt
Hamburg Hbf
90%
Hauptbahnhof
90%
Ahrensburg
80%
Altona
80%
Barmbek
80%
Bergedorf
80%
Berliner Tor
80%
Billstedt
80%
Buxtehude
80%
Diebsteich
80%
Elbgaustraße
80%
Hamburg Airport (Flughafen)
80%
Hamburg-Altona
80%
Hamburg-Bergedorf
80%
Hamburg-Harburg
80%
Hammerbrook (City Süd)
80%
Harburg
80%
Jungfernstieg
80%
Königstraße
80%
Landungsbrücken
80%
Mönckebergstraße
80%
Neugraben
80%
Norderstedt Mitte
80%
Pinneberg
80%
Rathaus
80%
Reeperbahn
80%
Rödingsmarkt
80%
Stade
80%
Stadthausbrücke
80%
Ahrensburg West
70%
Alsterdorf
70%
Alte Wöhr (Stadtpark)
70%
Bahrenfeld
70%
Baumwall (Elbphilharmonie)
70%
Blankenese
70%
Christuskirche
70%
Dammtor
70%
Eidelstedt
70%
Elbbrücken
70%
Feldstraße(Heiligengeistfeld)
70%
Fischbek
70%
Fuhlsbüttel
70%
HafenCity Universität
70%
Hagenbecks Tierpark
70%
Halstenbek
70%
Hamburg-Dammtor
70%
Harburg Rathaus
70%
Hauptbahnhof Nord
70%
Hauptbahnhof Süd
70%
Holstenstraße
70%
Horner Rennbahn
70%
Itzehoe
70%
Kaltenkirchen
70%
Kellinghusenstraße
70%
Krupunder
70%
Mümmelmannsberg
70%
Mundsburg
70%
Ochsenzoll
70%
Ohlsdorf
70%
Othmarschen
70%
Ottensen
70%
Poppenbüttel
70%
Schlump
70%
Sternschanze (Messe)
70%
St. Pauli
70%
Veddel (BallinStadt)
70%
Wandsbek-Gartenstadt
70%
Wedel
70%
Wilhelmsburg
70%
Agathenburg
60%
Ahrensburg Ost
60%
Aumühle
60%
Berne
60%
Billwerder-Moorfleet
60%
Buchholz (Nordheide)
60%
Elmshorn
60%
Emilienstraße
60%
Farmsen
60%
Gänsemarkt (Oper)
60%
Garstedt
60%
Hagendeel
60%
Hamburger Straße
60%
Hamburg-Rahlstedt
60%
Iserbrook
60%
Langenfelde
60%
Lübecker Straße
60%
Lutterothstraße
60%
Meßberg
60%
Neuwiedenthal
60%
Niendorf Markt
60%
Niendorf Nord
60%
Ohlstedt
60%
Rauhes Haus
60%
Reinbek
60%
Rissen
60%
Rothenburgsort
60%
Saarlandstraße
60%
Sengelmannstraße (City Nord)
60%
Steinstraße
60%
Stellingen (Arenen)
60%
Überseequartier
60%
Wandsbeker Chaussee
60%
Wandsbek Markt
60%
Wellingsbüttel
60%
Alveslohe
50%
Bad Bramstedt
50%
Bad Oldesloe
50%
Bad Segeberg
50%
Bönningstedt
50%
Borgweg (Stadtpark)
50%
Büchen
50%
Burgstraße
50%
Dehnhaide
50%
dodenhof
50%
Dollern
50%
Eidelstedt Zentrum
50%
Ellerau
50%
Eppendorfer Baum
50%
Friedrichsberg
50%
Fuhlsbüttel Nord
50%
Großhansdorf
50%
Habichtstraße
50%
Hallerstraße
50%
Hamburg-Hasselbrook
50%
Hammer Kirche
50%
Hasloh
50%
Hasselbrook
50%
Heimfeld (TU Hamburg)
50%
Henstedt-Ulzburg
50%
Hochkamp
50%
Hoheluftbrücke
50%
Hudtwalckerstraße
50%
Joachim-Mähl-Straße
50%
Kaltenkirchen Süd
50%
Kiwitsmoor
50%
Klein Flottbek (Botanischer Garten)
50%
Klosterstern
50%
Landwehr
50%
Langenhorn Markt
50%
Langenhorn Nord
50%
Lattenkamp (Sporthalle)
50%
Legienstraße
50%
Lohmühlenstraße
50%
Lüneburg
50%
Merkenstraße
50%
Messehallen
50%
Neukloster
50%
Osterstraße
50%
Quickborn
50%
Richtweg
50%
Ritterstraße
50%
Rübenkamp (City Nord)
50%
Schippelsweg
50%
Schnelsen
50%
Sierichstraße
50%
Steinfurther Allee
50%
Stephansplatz (Oper / CCH)
50%
Thesdorf
50%
Tiefstack
50%
Trabrennbahn
50%
Volksdorf
50%
Wartenau
50%
Allermöhe
40%
Alter Teichweg
40%
Bad BramstedtKurhaus
40%
Barmstedt
40%
Barmstedt Brunnenstraße
40%
Buchenkamp
40%
Burgwedel
40%
Cuxhaven
40%
Hamburg-Tonndorf
40%
Haslohfurth
40%
Hoheneichen
40%
Hoisbüttel
40%
Holstentherme
40%
Hörgensweg
40%
Horneburg
40%
Kiekut
40%
Klein Borstel
40%
Kornweg (Klein Borstel)
40%
Meeschensee
40%
Meiendorfer Weg
40%
Mittlerer Landweg
40%
Moorbekhalle (Schulzentrum Nord)
40%
Nettelnburg
40%
Neu Wulmstorf
40%
Nützen
40%
Quickborn Süd
40%
Rotenburg (Wümme)
40%
Schmalenbeck
40%
Schwarzenbek
40%
Sparrieshoop
40%
Straßburger Straße
40%
Sülldorf
40%
Tanneneck
40%
Tornesch
40%
Tostedt
40%
Uelzen
40%
Uhlandstraße
40%
Ulzburg Süd
40%
Winsen (Luhe)
40%
Wohltorf
40%
Bargteheide
30%
Boostedt
30%
Bremervörde
30%
Buckhorn
30%
Friedrichsgabe
30%
Großenaspe
30%
Harsefeld
30%
Hittfeld
30%
Langeln
30%
Langenmoor
30%
Lauenburg (Elbe)
30%
Maschen
30%
Meckelfeld
30%
Oldenfelde
30%
Prisdorf
30%
Quickborner Straße
30%
Radbruch
30%
Reinfeld (Holst)
30%
Soltau (Han)
30%
Sprötze
30%
Wiemersdorf
30%
Wrist
30%
Ahrensburg-Gartenholz
20%
Bad Bevensen
20%
Bienenbüttel
20%
Bokholt
20%
Dannenberg Ost
20%
Dauenhof
20%
Hammah
20%
Hechthausen
20%
Himmelpforten
20%
Hitzacker
20%
Horst (Holst)
20%
Klecken
20%
Kupfermühle
20%
Lauenbrück
20%
Lentföhrden
20%
Mölln (Lauenb)
20%
Müssen
20%
Ratzeburg
20%
Rickling
20%
Scheeßel
20%
Soltau Nord
20%
Sottrum
20%
Stelle
20%
Voßloch
20%
Apensen
10%
Ashausen
10%
Bad Bodenteich
10%
Bardowick
10%
Brokstedt
10%
Büsenbachtal
10%
Cadenberge
10%
Echem
10%
Glückstadt
10%
Göhrde
10%
Hemmoor
10%
Hesedorf
10%
Holm-Seppensen
10%
Krempe
10%
Kremperheide
10%
Kutenholz
10%
Leitstade
10%
Munster (Örtze)
10%
Neetzendorf
10%
Otterndorf
10%
Schnega
10%
Schneverdingen
10%
Suderburg
10%
Suerhop
10%
Visselhövede
10%
Wakendorf
10%
Wehdel
10%
Wilster
10%
Wingst
10%
Wolterdingen (Han)
10%
1. Ast
0%
2. Ast
0%
Altengörs
0%
Bargstedt
0%
Bavendorf
0%
Brest-Aspe
0%
Brockhöfe
0%
Dahlenburg
0%
Ebstorf (Uelzen)
0%
Fahrenkrug
0%
Frelsdorf
0%
Fresenburg
0%
Geestenseth
0%
Handeloh
0%
Heinschenwalde
0%
Herzhorn
0%
Oerel
0%
Ruschwedel
0%
Sellstedt
0%
Soltendieck
0%
Stederdorf (Kr. Uelzen)
0%
Vastorf
0%
Wahlstedt
0%
Wendisch Evern
0%
Wieren
0%
Wintermoor
0%
Keine übereinstimmenden Quizze gefunden
Verteilung der Resultate
Anzahl Personen mit jedem Resultat
Perzentil nach korrekt beantworteten Fragen
Ihre Resultats-Entwicklung
Sie haben dieses Quiz noch nicht gespielt